000 03216cam a2200349 4500500
005 20260329021932.0
041 _afre
042 _adc
100 1 0 _aCaillé, Sarah
_eauthor
700 1 0 _aBrixi, Hedia
_eauthor
700 1 0 _aPerrier, Marine
_eauthor
700 1 0 _ade Mestier, Louis
_eauthor
700 1 0 _aLe Collen, Lauriane
_eauthor
700 1 0 _aDeguelte, Sophie
_eauthor
700 1 0 _aDelemer, Brigitte
_eauthor
700 1 0 _aCadiot, Guillaume
_eauthor
245 0 0 _aAtteintes duodéno-pancréatiques de la NEM1
260 _c2022.
500 _a44
520 _aMultiple endocrine neoplasia type 1 (MEN1) is a rare, hereditary, autosomal dominant disease. It is characterized by the presence of cell hyperplasia or tumors of the endocrine system : parathyroid, duodenopancreatic, thymic, and bronchial neuroendocrine tumors (NETs), and pituitary and adrenal adenomas. Duodenopancreatic involvement is common and accounts for 60% of the causes of death in MEN1. Duodenopancreatic NETs can be functional or non-functional, benign or malignant. The most common functional duodenopancreatic NETs are gastrinomas and insulinomas. Patients with MEN1 require multidisciplinary management (gastroenterologist, endocrinologist, pathologist, radiologist, nuclear physician, surgeon) in an expert center and lifelong follow-up. Failure to diagnose MEN1 is a loss of opportunity for the patient and his family. This review is centered on duodenopancreatic NETs in MEN1, specifically diagnostic and therapeutic management.
520 _aLa néoplasie endocrinienne multiple de type 1 (NEM1) est une maladie héréditaire rare, de transmission autosomique dominante prédisposant au développement d’une hyperplasie ou de tumeurs neuroendocrines (TNE) dans différents organes. Les atteintes les plus fréquentes, appelées atteintes majeures, sont l’hyperparathyroïdie, les TNE duodéno-pancréatiques, thymiques et bronchiques, ainsi que les adénomes hypophysaires et surrénaliens. Les TNE duodéno-pancréatiques sont fréquentes et représentent 60 % des causes de décès de la NEM1. Elles peuvent être fonctionnelles ou non fonctionnelles, bénignes ou malignes. Les TNE fonctionnelles duodéno-pancréatiques les plus fréquentes sont les gastrinomes et les insulinomes. Les patients atteints de NEM1 nécessitent une prise en charge pluridisciplinaire (gastroentérologue, endocrinologue, anatomopathologiste, radiologue, médecin nucléaire, chirurgien, généticien) en centre expert et un suivi à vie. La méconnaissance du diagnostic de NEM1 est une perte de chances pour le patient et sa famille. Cette revue fait le point sur les TNE duodéno-pancréatiques de la NEM1, notamment la prise en charge diagnostique et thérapeutique.
690 _agastrinome
690 _ainsulinome
690 _aNEM1
690 _atumeurs neuroendocrines
690 _agastrinoma
690 _ainsulinoma
690 _aMEN1
690 _aneuroendocrine tumors
786 0 _nHépato-Gastro & Oncologie Digestive | 29 | 1 | 2022-01-01 | p. 12-23 | 2115-3310
856 4 1 _uhttps://stm.cairn.info/revue-hepato-gastro-et-oncologie-digestive-2022-1-page-12?lang=fr&redirect-ssocas=7080
999 _c1916358
_d1916358